| 000 | 00535nam a22001817a 4500 | ||
|---|---|---|---|
| 003 | OSt | ||
| 082 |
_a631.587 _bAKS/CO |
||
| 088 | _aP 504 | ||
| 100 |
_aAkshaya K A _94969 |
||
| 100 | _aAmrutha K | ||
| 100 |
_aAnju M _94970 |
||
| 100 |
_aDhruv Raj Bagri _94971 |
||
| 245 | _aComparison of unsaturated hydraulic conductivity of dfferent soils through inverse modelling using Hydrus-I D | ||
| 260 |
_aTavanur _bDepartment of Irrigation and Drainage Engineering _c2021 |
||
| 300 | _a46 p | ||
| 700 |
_aRema (Guide) _94972 |
||
| 942 | _cPR | ||
| 999 |
_c17404 _d17404 |
||